| 000 | 00540nam a2200157 a 4500 | ||
|---|---|---|---|
| 008 | 120416s0000 ||||||||||||||||| || u | ||
| 020 | _a185339386X | ||
| 050 | _aHT 421 Cha | ||
| 100 | _aChambers, Robert | ||
| 245 | 1 | 0 | _aWhose reality counts? |
| 246 | _aputting the first last | ||
| 260 |
_aLondon _bINTERMEDIATE TECHNOLOGY _c1997 |
||
| 300 | _axx, 297p. : ill | ||
| 350 | _a0.00 | ||
| 995 |
_D0.00 _FCBU-MAIN LIBRARY (Kitwe) _H1 _I32.95 _M1 _UAVAILABLE _ZAnnex Low-Usage Collection |
||
| 999 |
_c61742 _d61742 |
||